Queridos monstruos : 10 cuentos para ponerte los pelos de punta /
Guardado en:
| Autor Principal: | |
|---|---|
| Otros Autores: | |
| Formato: | Libro |
| Publicado: |
Buenos Aires :
Alfaguara,
1991
|
| Series: | Juvenil ; No.1
|
| Materias: | |
| Etiquetas: |
Agregar Etiqueta
Sin Etiquetas, Sea el primero en etiquetar este registro!
|
| LEADER | 01149nam a22002535a 4500 | ||
|---|---|---|---|
| 001 | CEM.cems007522 | ||
| 008 | 130507s1991##################000#0#####d | ||
| 005 | 20221004093215.0 | ||
| 245 | 1 | 0 | |a Queridos monstruos : |b 10 cuentos para ponerte los pelos de punta / |c Elsa Bornemann ; ilustraciones de Oscar Delgado |
| 260 | |a Buenos Aires : |b Alfaguara, |c 1991 | ||
| 300 | |a 179 p. | ||
| 490 | 0 | |a Juvenil ; No.1 | |
| 505 | 0 | |a Extraño amor -- El malo de la película -- Con la piel de gallina -- El loco de la patada -- La muerte de hospeda en El Blanqueado -- Queridos monstruos -- En el fondo del jardín -- Ellas tambien desean andar en bicicleta -- La Luisona -- Dónde queda el futuro? | |
| 020 | |a 9505111274 | ||
| 100 | 1 | |a Bornemann, Elsa Isabel | |
| 700 | 1 | |a Delgado, Oscar, il. | |
| 082 | 0 | 4 | |a A868.4 |
| 653 | |a Literatura | ||
| 653 | |a Literatura argentina-siglo 20 | ||
| 653 | |a Literatura juvenil | ||
| 653 | |a Cuentos | ||
| 859 | |a CEMS |b BIB. CEMS - Inicial y Primaria |h A868.4 |i B645-1 |k IP |p 2056 |t Ej.1 | ||
| 859 | |a CEMS |b BIB. CEMS - 11 de abril |h A868.4 |i B645-3 |p 17566.94 |t Ej.1 | ||
| 859 | |a CEMS |b BIB. CEMS - 11 de abril |h A868.4 |i B645-3 |p 22026.03 |t Ej.2 | ||
